| 000 | 00439nam a2200145Ia 4500 | ||
|---|---|---|---|
| 008 | 211109s9999||||xx |||||||||||||| ||und|| | ||
| 082 |
_a818.309 _bROA-D |
||
| 100 | _aRoach, Marilynne K | ||
| 245 | 0 | _aDown to Earth at Waldon | |
| 260 |
_bHoughton _aBoston _c1980 |
||
| 300 | _a100p. | ||
| 630 | _xGENERAL STACK | ||
| 650 |
_aLITERATURE & RHETORIC _vAMERICAN LITERATURE IN ENGLISH _xAMERICAN MISCELLANEOUS WRITINGSGeneralia |
||
| 942 | _cBOOK | ||
| 999 |
_c39357 _d39357 |
||